2000 1819 1782 1695 1630 1866 1056 1727 1111 1709 1262 1490 1285 1750 1893 1726 1411 1967 1198 1266 1171 1728 1949 1822 1793 1671 1201 1091 1451 1804 1488 1234 1073 1092 1862 1100 1491 1259 1284 1500 1611 1131 1331 1298 1063 1125 1631 1450 1560 1977 1903 1453 1907 1833 1794 1266 1503 1217 1621 1617 1618 1235 1102 1954 1228 1083 1008 1524 1250 1104 1690 1449 1769 1028 1182 1074 1388 1048 1996 1152 1934 1355 1773 1856 1236 1066 1331 1119 1182 1491 1794 1163 1875 1672 1215 1093 1060 1090 1328 BCNSPRNW ULIB Ver.6.0+V

เปลี่ยนเป็นภาษาไทย

Change to English
 แสดงรายละเอียดบรรณานุกรม
  กลับหน้าหลัก

Brief Record : Get Marc (ISO 2709) : E-mail record : QR code < ปิดหน้าต่าง
LEADER : 00000nam 2200000uu 4500
001    13399111650
003     ULIB
008    110704s||||||||th 000 0 tha d
020    9749434757
020    9789749434758
050  4 BQ4570^bส853ห 2549
100 0  สุรวัฒน์ เสรีวิวัฒนา
245 10 บันทึกดูจิต ตอน หัดรู้--หัดดู /^cผู้เขียน, สุรวัฒน์ เสรีวิวัฒนา
246 30 บันทึกดูจิต ตอน หัดรู้...หัดดู
246 30 หัดรู้--หัดดู
250    พิมพ์ครั้งที่ 3
260    กรุงเทพฯ :^bสุภา,^c2549
300    91 หน้า :^bภาพประกอบ ;^c19 ซม.
650  7 กรรมฐาน
650  7 การปฏิบัติธรรม
650  7 วิปัสสนา
945    ^p0^l0^i023442
995    ทศพร
999 ^a ใช้งานได้ทุกระบบ
รายการนี้ยังไม่มีแท็ก
คุณยังไม่ได้ล็อกอิน คุณสามารถมีกิจกรรมร่วมกับเว็บไซต์ได้ แต่ต้องล็อกอินก่อน ::
  ล็อกอิน

รายการสื่อสารสนเทศ

ลำดับที่ ประเภท เลขเรียก/บาร์โค้ด สถานที่ สถานะ
- ไม่พบข้อมูล -

รายการใกล้เคียง
    ผู้แต่ง [สุรวัฒน์ เสรีวิวัฒนา]

    หัวเรื่อง [กรรมฐาน]
    หัวเรื่อง [การปฏิบัติธรรม]
    หัวเรื่อง [วิปัสสนา]

BibComment


ยังไม่เคยถูกคอมเมนท์

คอมเมนท์ทรัพยากรรายการนี้
  คอมเมนท์: บันทึกดูจิต ตอน ห..


 Copyright 2026. Bcnsprnw @Library